Statistics for Countries that Invaded Brazil

Click here to take the quiz!

General Stats

  • This quiz has been taken 304 times
  • The average score is 7 of 8

Answer Stats

First InvasionCountry% Correct
1500Portugal
99%
1777Spain
91%
1826Argentina
90%
1555France
88%
1864Paraguay
82%
1624Netherlands
81%
1816Uruguay
79%
1899Bolivia
75%

Score Distribution

Percentile by Number Answered

Percent of People with Each Score

Your Score History

You have not taken this quiz